|
|
|
|
| LEADER |
00000nab a2200000 a 4500 |
| 001 |
vtls000711663 |
| 003 |
SK-MaSNL |
| 005 |
20260305032826.0 |
| 008 |
250429c1999 xo 0 slo |
| 015 |
|
|
|a SNBRB2000/02-03836
|
| 035 |
|
|
|a CLN000063830
|
| 035 |
|
|
|a urn:nbn:sk:snk-abdqa4
|
| 035 |
|
|
|a (urnnbn)urn:nbn:sk:snk:ar-001fxv
|
| 035 |
|
|
|a (uuid)848c7661-8aa0-435b-8908-68bdeba66768
|
| 040 |
|
|
|a SNKBUCL
|b slo
|c SNKBUCL
|e AACR2
|
| 041 |
0 |
|
|a slo
|
| 044 |
|
|
|a xo
|c SK
|
| 080 |
|
|
|a 792.091.4:792.077(437.6)
|2 1997
|
| 080 |
|
|
|a 792.077(437.6)
|2 1997
|
| 100 |
1 |
|
|a Šárik, Ľubomír
|4 aut
|9 287501
|
| 245 |
1 |
0 |
|a Ako Tália kopala v Martine
|b poznámky k Scénickej žatve '99
|c Ľubomír Šárik
|
| 300 |
|
|
|b Fotogr.
|
| 611 |
2 |
7 |
|a Scénická žatva
|n (77. :
|d 1999 :
|c Martin, Slovensko)
|2 snkbucl
|9 97329
|
| 651 |
|
7 |
|a Martin (Slovensko : okres)
|2 snkbucl
|9 73088
|
| 655 |
|
7 |
|a články z novín a časopisov
|2 snkbucl
|9 267496
|
| 773 |
0 |
|
|t Javisko
|g Roč. 31, č. 12 (1999), s. 2-7
|x 0323-2883
|
| 850 |
|
|
|a Slovenská národná knižnica
|
| 852 |
|
|
|a Slovenská národná knižnica
|
| 954 |
|
|
|a odborná, vedecká literatúra pôvodná (slovenská)
|2 lita
|
| 958 |
|
|
|a article19
|
| 958 |
|
|
|a OND
|
| 958 |
|
|
|a SK
|
| 958 |
|
|
|a EUIPO
|
| 992 |
|
|
|a RBX
|
| 999 |
|
|
|c 3321813
|d 3323743
|